| 000 | 00396nam a2200157 i 4500 | ||
|---|---|---|---|
| 001 | bg | ||
| 100 | 1 | _aGRÜN, Wolfgang | |
| 245 | 0 |
_aBeton 1. Rohstoffe. Herstellung. Eigenschaften / _cWolfgang Grün. |
|
| 260 |
_aDüsseldorf : _bWerner-Verlag, _c1969. |
||
| 300 | _as. 312. | ||
| 040 | _cBPK | ||
| 041 | _apol | ||
| 080 | _a666.97 | ||
| 942 | _cKS | ||
| 008 | s pl f |000 0 pol | ||
| 999 |
_c11887 _d11887 |
||
| 856 |
_uhttp://koha.tu.koszalin.pl/cgi-bin/koha/opac-detail.pl?biblionumber=11887 _yKatalog online BPK |
||